Statistics for Orbit and Space Vocabulary

Click here to take the quiz!

General Stats

  • This quiz has been taken 37 times
  • The average score is 3 of 17

Answer Stats

DescriptionTerm% Correct
A natural celestial object orbiting a planetMoon
83%
Any object in space orbiting a celestial bodySatellite
52%
The point along an Earth orbit, which is farthest from the planetApogee
39%
The point along an Earth orbit, which is closest to the planetPerigee
30%
How circular an orbit is around it’s parentEccentricity
17%
The point in an orbit farthest from the parent bodyApoapsis
13%
The altitude where it is said Earth ends and Space begins (name)Karman Line
13%
The point in an orbit closest to the parent bodyPeriapsis
13%
The angle an orbit possesses relative to the planet’s equatorial lineInclination
9%
The time is takes an object to complete it’s orbitOrbital Period
9%
An orbit which is perpendicular to the parent object’s equatorPolar Orbit
9%
The range at which an object is effected by an objects gravitySphere of Influence
9%
a type of orbit where the object takes the same time to complete an orbit as the parent takes to rotate once, both moving in the same directionSynchronous Orbit
9%
The angle that Earth, leans relative to it’s orbit23.5
4%
The Imaginary line at which a planet rotates aboutAxis of rotation
4%
The principle stating the faster an object is moving, the more a input of force will affect it’s orbitOberth effect
4%
The geometrical surface defined by an object’s orbitOrbital Plane
4%

Score Distribution

Percentile by Number Answered

Percent of People with Each Score

Your Score History

You have not taken this quiz